| 000 | 00542 a2200181 4500 | ||
|---|---|---|---|
| 003 | OSt | ||
| 005 | 20240205111319.0 | ||
| 008 | 240205b |||||||| |||| 00| 0 eng d | ||
| 020 | _a9788188029426 | ||
| 040 | _coclc | ||
| 082 |
_a923.6 _bPAL/K |
||
| 100 |
_aPallikkara, Sidhique Hassan _910373 |
||
| 245 |
_aKeralathinte 100 Navodhana Naayakar / _cSidhique Hassan Pallikkara |
||
| 250 | _a1st ed. | ||
| 260 |
_aKOZHIKODE: _bLIPI PUBLICATION _c2022 |
||
| 300 | _a209P. | ||
| 942 |
_2ddc _cBK _h923.6 _iPAL/K _k923.6 _mPAL/K |
||
| 999 |
_c44273 _d44273 |
||